000 00462nam a2200181Ia 4500
001 19735
005 20260306172714.0
008 260306t2021||||xx |||||||||||||| ||spa||
041 _aESP
082 _a341
_bN94
100 _aNuñez del Prado, Fabio
_eAUT
245 0 _aJusticia de papel:
_breformas disruptivas al sistema de justicia
260 _c2021
300 _a621 páginas :
_c24 cm.
650 _aGEN
654 _aCDE
942 _cLIB
_dJUS
_fJUS
_2ddc
_n
999 _c19735
_d19735